Lineamientos guía para la evaluación de criterios de biodiversidad en los estudios ambientales requeridos para el licenciamiento ambiental : (Registro nro. 7656)

Detalles MARC
000 -CABECERA
Campo de control 01299nam a22002897a 4500
005 - FECHA Y HORA DE LA ULTIMA TRANSACCION
Campo de control 20180803165502.0
008 - ELEMENTOS DE LONGITUD FIJA—INFORMACION GENERAL
Campo de control 120125s2009 ck ad r 000 0 spa d
020 ## - ISBN
ISBN 9789588343402
040 ## - FUENTE DE CATALOGACIÓN
Agencia catalogadora original CO-BoIAVH
Agencia transcriptora CO-BoIAVH
041 0# - IDIOMA
Código de idioma para texto/pista de sonido o título separado Español
044 ## - PAÍS DE PUBLICACIÓN
País de publicación Colombia
082 04 - NUMERO DE CLASIFICACION DECIMAL DEWEY
Número de clasificación 333.714
Número del ítem R57l
100 1# - ASIENTO PRINCIPAL--NOMBRE PERSONAL
Nombre personal Rincón-Bermúdez, Sofía
9 (RLIN) 2050
245 10 - MENCION DE TITULO
Título Lineamientos guía para la evaluación de criterios de biodiversidad en los estudios ambientales requeridos para el licenciamiento ambiental :
Parte restante del título biodiversidad y estudios de impacto ambiental -elementos para evaluadores-
Mención de responsabilidad Sofía Rincón Bermúdez
260 ## - PUBLICACION, DISTRIBUCION, ETC. (PIE DE IMPRENTA)
Lugar de publicación, distribución, etc. Bogotá
Nombre del editor, distribuidor, etc. Instituto de Investigación de Recursos Biológicos Alexander von Humboldt
-- Universidad Nacional de Colombia
Fecha de publicación, distribución, etc. 2009.
300 ## - DESCRIPCION FISICA
Extensión 124 páginas :
Otros detalles físicos ilustraciones, diagramas y tablas ;
Dimensiones 24 cm.
504 ## - NOTA DE BIBLIOGRAFIA, ETC.
Nota de bibliografía Incluye referencias bibliográficas (p. 87-100).
650 14 - ASIENTO SECUNDARIO DE MATERIA - TERMINO TEMATICO
Término temático o nombre geográfico como elemento de entrada Evaluación del impacto ambiental
9 (RLIN) 40307
650 24 - ASIENTO SECUNDARIO DE MATERIA - TERMINO TEMATICO
Término temático o nombre geográfico como elemento de entrada Investigación ambiental
9 (RLIN) 40308
650 24 - ASIENTO SECUNDARIO DE MATERIA - TERMINO TEMATICO
Término temático o nombre geográfico como elemento de entrada Diversidad biológica
9 (RLIN) 40309
650 24 - ASIENTO SECUNDARIO DE MATERIA - TERMINO TEMATICO
Término temático o nombre geográfico como elemento de entrada Impacto ambiental
9 (RLIN) 92215
650 24 - ASIENTO SECUNDARIO DE MATERIA - TERMINO TEMATICO
Término temático o nombre geográfico como elemento de entrada Biodiversidad
Subdivisión de forma Guía
Subdivisión general Evaluación
9 (RLIN) 40311
650 24 - ASIENTO SECUNDARIO DE MATERIA - TERMINO TEMATICO
Término temático o nombre geográfico como elemento de entrada Medio Ambiente
Subdivisión de forma Guía
Subdivisión general Evaluación
9 (RLIN) 40312
700 1# - ASIENTO SECUNDARIO - NOMBRE PERSONAL
Nombre personal Toro-Calderón, José Javier
Fechas asociadas con el nombre 1968-
9 (RLIN) 40313
700 1# - ASIENTO SECUNDARIO - NOMBRE PERSONAL
Nombre personal Burgos-Salcedo, Javier
9 (RLIN) 2053
942 ## - ELEMENTOS ADICIONALES (KOHA)
Sistema de clasificación Dewey Decimal Classification
Tipo de ítem Libro
Existencias
Withdrawn status Lost status Sistema de Clasificación Damaged status No para préstamo Colección Inventariado Ubicación Permanente Ubicación actual Fecha de adquisición Fuente de Valor Valor Total Checkouts Número topográfico Inventario / Código de Barras Date last seen Ejemplar Price effective from Forma de adquisición Tipo de material
    Dewey Decimal Classification     Humboldt Inventariado 2017 Bogotá Bogotá 04/09/2013 Instituto 39000.00   IAVH-333.714 R57l 028525 04/09/2013 Ej. 2 04/09/2013 Institucional Libro
    Dewey Decimal Classification     Humboldt Inventariado 2017 Bogotá Bogotá 04/09/2013 Instituto 39000.00   IAVH-333.714 R57l 028834 04/09/2013 Ej. 1 04/09/2013 Institucional Libro
    Dewey Decimal Classification     Humboldt Inventariado 2017 Bogotá Bogotá 04/09/2013 Instituto 39000.00   IAVH-333.714 R57l 028833 04/09/2013 Ej. 2 04/09/2013 Institucional Libro
    Dewey Decimal Classification     Humboldt Inventariado 2017 Sala Fabio Quevedo Sala Fabio Quevedo 04/09/2013 Instituto 39000.00   IAVH-333.714 R57l 028528 29/09/2015 Ej. 1 04/09/2013 Institucional Libro